000 00336 a2200157 4500
001 154722
040 _cEscola São Tomás de Aquino
100 _aRENNÓ, Regina
240 1 0 _aJoaquim José
_lpor
245 1 0 _aJoaquim José
300 _a39
362 0 _a2000
440 1 _aEditora do Brasil
697 _aHISTÓRIA
942 _cBK
999 _c154722
_d154722